| 000 | 00650nam a22001937a 4500 | ||
|---|---|---|---|
| 005 | 20241003122851.0 | ||
| 010 | _aENG-112850 | ||
| 020 |
_c1560.00 _a9788125058557 |
||
| 035 | _aEN-96382 | ||
| 037 | _bDBAD/PUB | ||
| 082 | _a509.54 | ||
| 245 |
_aScience, Technology and Development in India: _bEncountering values/ _cedited by Rajeshwari S. Raina ; foreworded by Helen E. Longino |
||
| 260 |
_aNew Delhi _bOrient BlackSwan _c2015 |
||
| 270 |
_a1/24, Asaf Ali Road, _bNew Delhi _e110002 |
||
| 300 |
_axvi,294p. _c22cm(Hb) |
||
| 500 | _aIncludes index | ||
| 700 |
_aRaina, Rajeshwari S. _972323 |
||
| 942 |
_2ddc _cEN _mSCI _h509.54 |
||
| 999 |
_c93279 _d93279 |
||